Statistics for NFL Dream Team OF 2019

Click here to take the quiz!

General Stats

  • This quiz has been taken 95 times
    (77 since last reset)
  • The average score is 31 of 37

Answer Stats

TeamPositionPlayer% Correct
KCQBPatrick Mahomes
100%
TENRBDerrick Henry
97%
BALQBLamar Jackson
97%
SEAQBRussell Wilson
97%
MINRBDalvin Cook
96%
ATLWRJulio Jones
96%
KCTETravis Kelce
96%
KCWRTyreek Hill
96%
SFTEGeorge Kittle
94%
NOWRMichael Thomas
94%
TBWRMike Evans
94%
CARRBChristian McCaffrey
93%
LARDTAaron Donald
91%
HOUWRDeAndre Hopkins
91%
BALKJustin Tucker
90%
NECBStephon Gilmore
90%
PHITEZach Ertz
90%
SEAMLBBobby Wagner
87%
LARCBJalen Ramsey
87%
PHICJason Kelce
85%
LACDEJoey Bosa
84%
PITOLBT.J. Watt
84%
PITFSMinkah Fitzpatrick
82%
SFFBKyle Juszczyk
81%
SFCBRichard Sherman
81%
BUFCBTre'Davious White
81%
NODECameron Jordan
79%
KCDTChris Jones
78%
INDOGQuenton Nelson
76%
CARMLBLuke Kuechly
75%
ARIOLBChandler Jones
72%
NYJSSJamal Adams
72%
DALOGZack Martin
72%
KCKRMecole Hardman
61%
NOOTRyan Ramczyk
49%
KCOTMitchell Schwartz
45%
WASPTress Way
43%

Score Distribution

Percentile by Number Answered

Percent of People with Each Score

Your Score History

You have not taken this quiz since the last reset